Statistics for Alaska Trivia

Click here to take the quiz!

General Stats

  • This quiz has been taken 649 times
    (630 since last reset)
  • The average score is 10 of 20

Answer Stats

HintAnswer% Correct
Largest CityAnchorage
95%
State CapitalJuneau
95%
Tallest Mountain in North AmericaDenali (Mt. Mckinley)
86%
2nd Largest CityFairbanks
80%
Strait that Divides Alaska from RussiaBering Strait
78%
Name of Island Chain that stretches out toward RussiaThe Aleutian Islands
65%
Date of Statehood1959
64%
Constellation on State FlagBig Dipper
61%
State NicknameThe Last Frontier
55%
Northernmost PointPoint Barrow
51%
What Major Infrastructure Project was Completed in 1977Trans-Alaska Pipeline
49%
What happened on March 27th, 1964Good Friday Earthquake
42%
Mountain Range that above Mountain is located withinAlaska Range
38%
Name of Famous Alaskan-Canadian GoldrushKlondike Goldrush
35%
Date of Purchase from Russia1867
28%
Alaskan Equivalent of 'Counties'Boroughs
26%
State FlowerForget-me-not
26%
State BirdPtarmigan
24%
WWII Battle that took place on one of these IslandsBattle of Attu
15%
Largest LakeIliamna Lake
8%

Score Distribution

Percentile by Number Answered

Percent of People with Each Score

Your Score History

You have not taken this quiz since the last reset